000 00284nam a2200121Ia 4500
008 190216s9999||||xx |||||||||||||| ||und||
100 _aKakkanadan G V
245 0 _aEnte Nagaram Oru Samarakatha
260 _bPoorna Pubs Kozhikode
300 _a162p
650 _aNovel
942 _cBK
999 _c26079
_d26079